MLB Lineups (2025) - Statistics

General Stats
  • This quiz has been taken 441 times
  • The average score is 119 of 300
Answer Stats
Answer % Correct
Corbin Carroll
81%
Ketel Marte
78%
Ronald Acuña Jr.
78%
Will Smith
76%
David Fry
74%
Pavin Smith
73%
Matt Olson
72%
Gunnar Henderson
71%
Eugenio Suárez
70%
Josh Naylor
70%
Elly De La Cruz
69%
Aaron Judge
68%
Ozzie Albies
66%
Rafael Devers
65%
Shohei Ohtani
65%
Zac Gallen
65%
Austin Riley
64%
Freddie Freeman
64%
Juan Soto
64%
Adley Rutschman
63%
Alex Bregman
63%
Brent Rooker
63%
Geraldo Perdomo
63%
Jarren Duran
63%
Max Fried
63%
Jacob Wilson
62%
Kyle Tucker
62%
Mookie Betts
62%
Pete Alonso
62%
Hunter Greene
61%
José Ramírez
61%
Marcell Ozuna
61%
Max Muncy
61%
Michael Harris II
61%
Mike Trout
61%
Riley Greene
61%
Yordan Alvarez
61%
Bobby Witt Jr.
60%
Cedric Mullins
60%
Chris Sale
60%
Francisco Lindor
60%
Teoscar Hernández
60%
Bryce Harper
59%
Fernando Tatís Jr.
59%
Jose Altuve
59%
Lawrence Butler
59%
Oneil Cruz
59%
Tarik Skubal
59%
Jackson Holliday
58%
Julio Rodríguez
58%
Pete Crow-Armstrong
58%
Anthony Volpe
57%
Gabriel Moreno
57%
Garrett Crochet
57%
Manny Machado
57%
Sean Murphy
57%
Trea Turner
57%
Adolis García
56%
Cody Bellinger
56%
Francisco Alvarez
56%
Josh Bell
56%
Lourdes Gurriel Jr.
56%
Luis Robert Jr.
56%
Maikel Garcia
56%
Paul Goldschmidt
56%
Paul Skenes
56%
Cal Raleigh
55%
Christian Walker
55%
Giancarlo Stanton
55%
Trevor Story
55%
Willson Contreras
55%
Alek Thomas
54%
Dansby Swanson
54%
Jordan Walker
54%
Luis García Jr.
54%
Seiya Suzuki
54%
Christian Yelich
53%
Corey Seager
53%
Elias Díaz
53%
Jazz Chisholm Jr.
53%
Kyle Schwarber
53%
Lane Thomas
53%
Luis Severino
53%
Salvador Perez
53%
Vladimir Guerrero Jr.
53%
Yainer Diaz
53%
Yandy Díaz
53%
Yoshinobu Yamamoto
53%
Shea Langeliers
52%
Austin Wells
51%
Byron Buxton
51%
Carlos Correa
51%
Jurickson Profar
51%
Orlando Arcia
51%
Bo Bichette
50%
J.T. Realmuto
50%
Steven Kwan
50%
Zack Wheeler
50%
Brandon Nimmo
49%
Ryan Mountcastle
49%
William Contreras
49%
Jeremy Peña
48%
Alec Bohm
47%
Framber Valdez
47%
George Springer
47%
Nolan Arenado
47%
Triston Casas
47%
Bryson Stott
46%
Ian Happ
46%
Michael Busch
46%
Wilyer Abreu
46%
Brandon Marsh
44%
Ceddanne Rafaela
44%
James Wood
44%
Nico Hoerner
44%
Spencer Torkelson
44%
Xander Bogaerts
44%
Alejandro Kirk
43%
Connor Wong
43%
Jeff McNeil
43%
Marcus Semien
43%
Nick Castellanos
43%
Tommy Edman
43%
Tyler Soderstrom
43%
Andy Pages
42%
Anthony Santander
42%
Gleyber Torres
42%
Jackson Merrill
42%
Jung Hoo Lee
42%
Mark Vientos
42%
Otto Lopez
42%
Pablo López
42%
Ryan McMahon
42%
Willy Adames
42%
Colton Cowser
41%
Dylan Cease
41%
Jordan Westburg
41%
Korey Lee
41%
Logan Webb
41%
Sandy Alcantara
41%
Vinnie Pasquantino
41%
Freddy Peralta
40%
Jackson Chourio
40%
Matt Chapman
40%
Andrés Giménez
39%
Brandon Lowe
39%
Isaac Paredes
39%
Jake Cronenworth
39%
Josh Lowe
39%
J.P. Crawford
39%
Logan O'Hoppe
39%
Randy Arozarena
39%
Ryan O'Hearn
39%
Andrew Benintendi
38%
Andrew Vaughn
38%
Justin Steele
38%
Luis Castillo
38%
Nathaniel Lowe
38%
Tyrone Taylor
38%
Brendan Rodgers
37%
Brice Turang
37%
Cole Ragans
37%
Ezequiel Tovar
37%
Josh Jung
37%
Kevin Gausman
37%
Luis Arráez
37%
Taylor Ward
37%
Jasson Domínguez
36%
Jonathan India
36%
Sonny Gray
36%
Zach Eflin
36%
Brenton Doyle
35%
Bryan Reynolds
35%
Jo Adell
35%
Jonah Heim
35%
Ke'Bryan Hayes
35%
Michael Conforto
35%
Sal Frelick
35%
Ha-Seong Kim
34%
Tyler O'Neill
34%
Carlos Santana
33%
CJ Abrams
33%
JJ Bleday
33%
Kodai Senga
33%
Nathan Eovaldi
33%
Wyatt Langford
33%
Andrew McCutchen
32%
Jake Rogers
32%
Jorge Polanco
32%
TJ Friedl
32%
Xavier Edwards
32%
Yusei Kikuchi
32%
Jacob Amaya
31%
Keibert Ruiz
31%
Masyn Winn
31%
Matt McLain
31%
Max Kepler
31%
Miguel Amaya
31%
Rhys Hoskins
31%
Royce Lewis
31%
Spencer Steer
31%
Daulton Varsho
30%
Jake Burger
30%
Jesús Sánchez
30%
Josh Rojas
30%
Kristian Campbell
30%
Brayan Rocchio
29%
Gavin Lux
29%
Jake Meyers
29%
Jhonkensy Noel
29%
Joey Ortiz
29%
Jorge Soler
29%
Kris Bryant
29%
Kyle Freeland
29%
Lars Nootbaar
29%
Matt Shaw
29%
Patrick Bailey
29%
Tim Anderson
29%
Ty France
29%
Tyler Stephenson
29%
Junior Caminero
28%
Kyle Isbel
28%
MacKenzie Gore
28%
Nolan Schanuel
28%
Brendan Donovan
27%
Luis Rengifo
27%
Miguel Vargas
27%
Austin Hays
26%
Chas McCormick
26%
Hunter Goodman
26%
Joc Pederson
26%
Kyle Stowers
26%
Mike Yastrzemski
26%
Rowdy Tellez
26%
Yoán Moncada
26%
Ernie Clement
25%
Harrison Bader
25%
MJ Melendez
25%
Parker Meadows
25%
Ryan Jeffers
25%
Dylan Crews
24%
Gio Urshela
24%
Heliot Ramos
24%
Hunter Renfroe
24%
Joey Bart
24%
LaMonte Wade Jr.
24%
Michael Toglia
24%
Victor Scott II
24%
Zack Gelof
24%
DJ LeMahieu
23%
Jacob Young
23%
Jeimer Candelario
23%
Tommy Pham
23%
Wilmer Flores
23%
Jake Fraley
22%
Alec Burleson
21%
Iván Herrera
21%
Victor Robles
21%
Danny Jansen
20%
Garrett Mitchell
20%
Kyle Manzardo
20%
Miguel Andujar
20%
Isiah Kiner-Falefa
19%
Jason Heyward
19%
Shane McClanahan
19%
Tyler Fitzgerald
19%
Gavin Sheets
18%
Jesse Winker
18%
Leody Taveras
18%
Mike Tauchman
18%
Matt Vierling
17%
Sean Burke
17%
Willi Castro
17%
Andy Ibáñez
16%
Jonathan Aranda
16%
Matt Wallner
16%
Michael Massey
16%
Mitch Garver
16%
Nick Fortes
16%
Christopher Morel
15%
Gabriel Arias
15%
Trevor Larnach
15%
Trey Sweeney
15%
Mickey Moniak
14%
Thairo Estrada
14%
Connor Norby
13%
Derek Hill
12%
Spencer Horwitz
12%
Ben Lively
11%
Nick Gonzales
11%
Paul DeJong
10%
Ryan Bliss
10%
Griffin Conine
9%
Alan Roden
8%
Jonny DeLuca
8%
Matt Mervis
7%
Oliver Dunn
7%
Justyn-Henry Malloy
6%
Zac Veen
5%
Nick Maton
2%
No matching quizzes found
Score Distribution
Percent of People with Each Score
Percentile by Number Answered
Your Score History
You have not taken this quiz